| 000 | 00379nam a2200133Ia 4500 | ||
|---|---|---|---|
| 008 | 231129s9999||||xx |||||||||||||| ||spa|| | ||
| 020 | _a958-04-0035-0 | ||
| 040 | _bspa | ||
| 082 | _a658 F533s | ||
| 100 | _aFisher Roger | ||
| 245 | 0 | _aSi ... !de acuerdo!: como negociar sin ceder | |
| 264 | _aBogotá Colombia : Norma | ||
| 942 |
_2ddc _cBKS |
||
| 999 |
_c24557 _d24557 |
||